[Event "Asia-ch 4th"]
[Site "Doha"]
[Date "2003.02.22"]
[Round "1"]
[White "Isaev, Jamshed"]
[Black "Kotsur, Pavel"]
[Result "1/2-1/2"]
[WhiteElo "2438"]
[BlackElo "2586"]
[Annotator "Postny,E"]
[PlyCount "101"]
[EventDate "2003.02.22"]
[EventType "swiss"]
[EventRounds "9"]
[EventCountry "QAT"]
[SourceTitle "CBM 094"]
[Source "ChessBase"]
[SourceDate "2003.05.26"]
[SourceVersion "1"]
[SourceVersionDate "2003.05.26"]
[SourceQuality "1"]

1. e4 e5 2. Nf3 Nc6 3. d4 exd4 4. Nxd4 Bc5 5. Nxc6 Qf6 6. Qd2 dxc6 7. Nc3 Qe7
8. Qg5 $1 f6 {This move does not look very impressive from the first sight. It
robbes the black knight of it's natural development square f6. However black
shows another approach in this position. After driving back the white queen,
black will quickly prepare the castle to the queenside.} (8... Nf6 {- is the
main line.}) 9. Qh5+ ({A few rounds later in the same tournament Kotsur tested
the 8...f6 once more:} 9. Qg3 Bd6 10. f4 Nh6 11. Be2 Bd7 12. Be3 b6 13. O-O
O-O-O 14. a4 a5 15. Rad1 Kb7 16. Rfe1 Rhg8 17. Bf3 g5 18. Nb5 Bc5 19. Bxc5
Qxc5+ 20. Nd4 gxf4 21. Qxf4 Ng4 22. Be2 Bc8 23. c3 {1/2-1/2 Paragua,M-Kotsur,P/
Doha 2003/CBM 94 (23)}) 9... g6 10. Qf3 Be6 11. Be3 O-O-O 12. Bd3 h5 13. Qe2
Kb8 $146 (13... Nh6 14. f3 Nf7 15. Qf2 Bxe3 16. Qxe3 c5 17. O-O $6 (17. O-O-O
$142) 17... Ne5 18. Rfd1 g5 19. Bf1 Nc6 20. a3 h4 21. Rxd8+ Rxd8 22. Rd1 Nd4
$15 {0-1 Najer,E-Kharitonov,A/Moscow 2002/EXT 2003 (34)}) 14. O-O-O ({Probably
a bit more precise was to exchange the bishops:} 14. Bxc5 Qxc5 15. O-O-O {
Now bad for black is} Qg5+ $6 16. Kb1 Qxg2 $2 17. Bc4 $1) 14... Bd6 15. Kb1 {
A bit lazy move, though does not spoil anything.} (15. Bc4 Bc8 16. f3 $14 {
[%cal Ye2f2]}) 15... Nh6 16. h3 ({Possible is} 16. f3) 16... g5 17. Bc4 (17.
Qxh5 $6 Ng4 {[%csl Rh5]} 18. hxg4 Rxh5 19. gxh5 {White has sufficient
compensation for the queen, but his position is not bad at all, so such a
drastic measures would be completely unnecessary.}) 17... Bc8 {Black rightly
avoides the exchange of light-squared bishops. In general, the exchange of
pieces in this kind of positions is in white's favour, who has pawn majority
on the kingside.} 18. g3 Nf7 {White's advantage is about to evaporate, black
is preparing to blockade white's kingside completely.} 19. f4 h4 20. fxg5 (20.
e5 $6 fxe5 21. Bxf7 gxf4 $15) 20... Nxg5 21. g4 $2 ({Much stronger would be
not to close the position on the kingside:} 21. gxh4 Nxh3 22. h5 {[%csl Gh5]
The Ph5 might be annoying for black.}) 21... Be5 22. Rxd8 Rxd8 23. Nd1 Bg3 (
23... Nxe4 24. Bxa7+ Kxa7 25. Qxe4 f5 26. gxf5 Rd4 27. Qe2 Bxf5 $15) 24. Bd3
Re8 25. Nc3 Rg8 $6 {A pointless move. Probably black was preparing Nxh3, but
white can parry this threat easily.} (25... Be6 {[%csl Re4][%cal Ye6f7,Yf7g6]})
26. Qg2 Be5 27. Ne2 a5 28. Qf2 a4 29. Ba7+ ({Too optimistic would be} 29. Qxh4
$6 a3 30. b3 Qb4) ({Possible was} 29. a3) 29... Ka8 30. Bc5 Qe8 31. Qe1 (31.
Qxh4 Rh8 32. Qe1 {[%cal Ge1a5]} b6 $15 {[%csl Rh3]}) 31... b6 32. Qb4 $6 {
Probably white was sure, that this move leads to a draw by force, but the
things are far more complicated.} (32. Bf2 $13) 32... bxc5 33. Qxa4+ Kb8 34.
Qb3+ {It looks like the perpetual is inevitable, but black finds the way to
continue the battle...} Bb7 $1 35. Ba6 Qc8 36. Bxb7 c4 $1 {This is the point!}
(36... Qxb7 $4 37. Qxg8+ $18) 37. Bxc8+ cxb3 38. Bf5 bxa2+ 39. Kxa2 Rd8 {
[%mdl 16] This position should have been evaluated properly by black before
he's playing 34...Bb7. Black is a pawn down, but his pieces occupied dominant
positions and Ph3 is a weakness. White is fighting for a draw.} 40. Kb3 Rd2 41.
Nc1 Rh2 42. Rd1 ({The endgame after} 42. Rxh2 Bxh2 {[%csl Rf5,Rh3,Gh4] is
tough for white.}) 42... Rxh3+ 43. Kc4 Bd6 $2 {Probably Kotsur wanted to
prevent the penetration of white's rook to the 8th rank, however this move is
a waste of important tempo.} (43... Re3 44. Rd8+ Ka7 45. Nd3 Bd6 $17) 44. Nb3
Rh2 (44... Re3 45. Na5 {is similar to the continuation in the text.}) 45. Nd4 {
Suddenly white is managing to create threats to black's king.} c5 46. Nc6+ Kb7
47. Kb5 $1 Rxc2 48. Nd8+ Kb8 49. Nc6+ {The black king can not go to "a" file
because of Ra1, so the perpetual is inevitable.} Kb7 50. Nd8+ Kb8 51. Nc6+
1/2-1/2

[Event "EU-chT (Men) 14th"]
[Site "Plovdiv"]
[Date "2003.10.14"]
[Round "4.1"]
[White "Ponomariov, Ruslan"]
[Black "Godena, Michele"]
[Result "1/2-1/2"]
[WhiteElo "2718"]
[BlackElo "2523"]
[Annotator "Postny,E"]
[PlyCount "155"]
[EventDate "2003.10.10"]
[EventType "team-swiss"]
[EventRounds "9"]
[EventCountry "BUL"]
[SourceTitle "CBM 098"]
[Source "ChessBase"]
[SourceDate "2004.02.03"]
[SourceVersion "1"]
[SourceVersionDate "2004.02.03"]
[SourceQuality "1"]
[WhiteTeam "Ukraine"]
[BlackTeam "Italy"]
[WhiteTeamCountry "UKR"]
[BlackTeamCountry "ITA"]

1. e4 e5 2. Nf3 Nc6 3. d4 exd4 4. Nxd4 Bc5 5. Be3 Qf6 6. Nb5 $6 {It's quite
strange to see this move on the top level, but the effect of surprise can work
well here.} Bxe3 7. fxe3 Qh4+ (7... Qe5 8. Nd2 Kd8 9. Nc3 Nf6 10. Qf3 d6 11. h3
Be6 12. O-O-O $13 {Encyklopaedia of chess openings.}) 8. g3 Qd8 (8... Qxe4 9.
Nxc7+ Kd8 10. Nxa8 Qxh1 11. Qd6 (11. Qg4 Qg1 12. Qxg7 Qxe3+ 13. Be2 Qg1+ 14.
Bf1 Qe3+ 15. Be2 Qg1+ 16. Bf1 Qe3+ {1/2-1/2 Langer,M-Kamberi,S/22nd NAO,
Oklahoma USA 2003 (16)}) 11... Nf6 12. Nd2 Ne4 13. Qc7+ Ke7 14. O-O-O Nxd2 15.
Bb5 Qd5 16. Bxc6 bxc6 17. Rxd2 Qc5 18. Rd4 f6 19. b4 Qc3 20. Re4+ Kf7 21. Qxa7
Re8 22. Rxe8 Qe1+ 23. Kb2 Qxb4+ 24. Kc1 Qe1+ 25. Kb2 Qb4+ 26. Kc1 {1/2-1/2
Mieses,J-Sergeant,E/Hastings 1945}) 9. Qg4 g5 $5 $146 {Godena prefers "active
defense", but this move creates weak squares on the kingside.} (9... g6 $6 10.
Qf4 d6 11. Bc4 Be6 12. Bxe6 fxe6 13. O-O Nge7 14. N1c3 Ne5 15. Qf6 Kd7 16. Nd4
Qg8 17. Ncb5 N7c6 18. Nxc6 bxc6 19. Rad1 Rf8 20. Qxe5 Rxf1+ 21. Kxf1 Qf7+ 22.
Kg2 Rf8 23. Nxd6 Qf3+ 24. Kh3 Qxd1 25. Qg7+ Kxd6 26. Qxf8+ $18 {1-0 Spielmann,
R-Rubinstein,A/Stockholm 1919/HCL (42)}) (9... Kf8 10. Qf4 d6 {- see the
commented game Nataf,I-Onischuk,A/Montreal 2003/CBM 97 [Postny,E]}) 10. N1c3 d6
11. Qe2 a6 12. Nd4 Ne5 13. Qg2 ({Deserved attention} 13. Qf2) 13... Be6 {
Black is preparing castling to queenside.} 14. O-O-O Qd7 15. h4 gxh4 $6 {
This exchange helps white to get play on the kingside. It was stronger to
capture more space by 15...g4, though this move has some drawbacks as well.} ({
After} 15... g4 16. Nd5 O-O-O {black's position looks preferable.}) 16. gxh4
Bg4 $1 (16... O-O-O 17. Qg7 Ne7 18. Nxe6 fxe6 19. Bh3 {[%csl Re6] putting
pressure on e6.}) 17. Be2 Ne7 $6 ({Logical was} 17... h5 {in order to secure
black's g4 stronghold.}) 18. Bxg4 (18. Nd5 $6 Nxd5 19. exd5 O-O-O $15) 18...
Qxg4 19. Qf2 {Of course, with such a terrible pawns white can not afford
himself to exchange queens.} O-O-O 20. Qf6 Qd7 21. h5 Rhg8 22. Rhg1 (22. Rdg1
Rxg1+ 23. Rxg1 Qh3 {[%csl Re3]} 24. Nf5 N7c6 $13) 22... Qh3 {[%csl Re3]} 23.
Rge1 $6 (23. Nf5 Nxf5 24. Qxf5+ Qxf5 25. exf5 Nf3 $11) 23... Rde8 24. Qh6 Rg2
$6 (24... Qg4 $1 $15 {Black is threatening 25...Qg5, getting favourable
endgame.}) 25. Rh1 (25. Qxh7 Rh2 $15 {[%csl Rh5]}) 25... Qg3 26. Qxh7 Qxe3+ 27.
Kb1 Reg8 {Black controls the "g" file, but can not really make use of it,
while white's "h" pawn may become dangerous.} 28. Nf5 Nxf5 29. Qxf5+ Kb8 30. h6
R2g6 (30... Rf2 31. h7 Rh8 32. Qh3 $14) 31. Nd5 Qg5 32. Rdf1 {The alternatives
do not yield white advantage as well:} (32. Qxg5 Rxg5 33. h7 Rh8 34. Nf6 Kc8
35. Rdg1 Rxg1+ 36. Rxg1 Ng6 $11) (32. Nf4 Qxf5 33. exf5 Rg4 34. Nd5 Rh8 35. h7
Nd7 $1 $11 {[%csl Yf6]}) 32... Rh8 33. h7 c6 34. Nf6 Qxf5 35. Rxf5 Kc7 {
[%cal Gc7d8,Gd8e7] White has no resources to make a final push to promote the
"h" pawn. The position is balanced.} 36. b3 Kd8 37. Ng8 Rg7 38. Rd1 (38. Rfh5
Nd7 {[%csl Rh7][%cal Gd7f8]}) 38... Rgxh7 39. Rxd6+ Kc7 40. Rd2 Rxg8 (40... Nc4
$5 41. bxc4 Rxg8 42. Rdf2 Rgg7 43. c5 $11) 41. Rxe5 f6 42. Rf5 Re8 {The
endgame is completely equal, but Ponomariov continues the fight till the very
end.} 43. Rf4 Rhe7 44. Rd4 Rd7 45. c3 Re5 46. Kc2 c5 47. Rxd7+ Kxd7 48. Kd3 Re6
$6 {Inaccuracy.} (48... Ke6 $142 49. Rh4 Rg5 50. Rh7 b5 $11) 49. Ke3 Rd6 50.
Rf5 b6 51. Rd5 Ke6 52. c4 ({The pawns endgame is drawish as well:} 52. Rxd6+
Kxd6 53. Kf4 Ke6 54. c4 (54. a4 b5 55. a5 c4 56. b4 Ke7 57. Kf5 Kf7 58. e5 fxe5
59. Kxe5 Ke7 $11) 54... b5 55. a3 b4 $1 56. axb4 cxb4 57. Ke3 Ke7 58. c5 Kd7
59. Kd3 a5 60. Kd4 Kc7 61. Kc4 Kc6 $11) 52... Rd7 53. Kf4 Rh7 54. Rd8 {The
last try to make something out of nothing.} Rh4+ 55. Kf3 Rh3+ 56. Kg4 Rh2 57.
Re8+ Kd6 (57... Kf7 58. Rb8 $14) 58. Kf5 Rf2+ 59. Kg6 Rxa2 60. Kf7 $1 b5 (60...
Rb2 61. Re6+ Kc7 62. Rxf6 Rxb3 63. e5 Re3 64. e6 Kd6 $11) 61. Re6+ Kd7 62. Kxf6
{White has got now a passed pawn, but it's not enough to win the game.} Rf2+
63. Ke5 Rb2 64. Rd6+ Kc7 65. Rd3 Kc6 66. Ke6 bxc4 67. bxc4 Rc2 68. Rd6+ Kc7 69.
Rxa6 Rxc4 70. e5 Rh4 71. Kd5 Rd4+ $1 72. Kxc5 Rd1 {A well known drawish
position has arised.} 73. Rd6 (73. e6 Rc1+ 74. Kd5 Kd8 $11) 73... Rxd6 74.
exd6+ Kd7 75. Kd5 Kd8 76. Ke6 Ke8 77. d7+ Kd8 78. Kd6 {No more moves! Draw.}
1/2-1/2

[Event "Corus-B"]
[Site "Wijk aan Zee"]
[Date "2002.01.20"]
[Round "5"]
[White "Van der Wiel, John"]
[Black "Jonkman, Harmen"]
[Result "1-0"]
[WhiteElo "2501"]
[BlackElo "2498"]
[Annotator "Postny,E"]
[PlyCount "67"]
[EventDate "2002.01.15"]
[EventType "tourn"]
[EventRounds "11"]
[EventCountry "NED"]
[EventCategory "11"]
[SourceTitle "CBM 087"]
[Source "ChessBase"]
[SourceDate "2002.03.21"]
[SourceVersion "1"]
[SourceVersionDate "2002.03.21"]
[SourceQuality "1"]

1. e4 e5 2. Nf3 Nc6 3. d4 exd4 4. Nxd4 Qf6 5. Nxc6 Bc5 6. Qd2 bxc6 {A rare
continuation. The main line starts with 6...dc6.} 7. Bd3 Ne7 (7... d6 {- see
the game Pavasovic,D-Timoscenko,G /Istanbul ol 2000/CBM 80 [Postny]}) (7... Nh6
{- was in the game Nataf,IA-Short,N /FIDE-Wch 2000/CBM 81 [Postny]}) 8. O-O O-O
({Another option is} 8... d5) 9. Nc3 d6 $2 {This obvious move turns out to be
a serious mistake.} ({Playable is} 9... Ng6 {- see the game Sadvakasov,
D-Kramnik,V /Astana 2001/CBM 84 [Postny]}) {[%tqu "En","What would you suggest
for white?","","","e4e5","An instructive breakthrow in the early stage of the
game, exploiting the vulnerability of black's pieces, especially Q.",10]} 10.
e5 $1 {An instructive breakthrow in the early stage of the game, exploiting
the vulnerability of black's pieces, especially queen.} Qh4 $6 ({The least of
the evils for black is:} 10... Qe6 11. exd6 Bxd6 (11... cxd6 12. Re1 Qd7 13.
Ne4 $16) 12. Re1 Qg4 (12... Qd7 13. Ne4 Ng6 14. Qa5 Ne5 15. Bf1 Qf5 16. Qc3 Bd7
17. f4 Ng6 18. Nxd6 cxd6 19. Bd3 Qg4 20. Be2 Qf5 21. g4 Qf6 22. Qxf6 gxf6 23.
Bd2 $16 {1-0 Conquest,S-Kunze,C/Germany 1997/GER-chT (42)}) 13. Ne4 (13. h3 Qh5
14. Ne4 $16) 13... Ng6 14. Nxd6 cxd6 15. Be2 Qd7 16. b3 Bb7 17. Bb2 c5 18. Qc3
f6 19. Bf3 Bxf3 20. Qxf3 d5 $132 {0-1 Vescovi,G-Lima,D/Sao Paulo 2000/CBM 76
ext (26)}) 11. Ne4 {The game just begun, but white has already a winning
position!} Bb6 $146 (11... Bd4 12. exd6 cxd6 13. Nxd6 Be6 14. Qg5 Qxg5 15. Bxg5
$18 {1-0 Mellado Trivino,J-Terron Elena,F/Malaga 2000/CBM 74 ext (30)}) 12.
exd6 cxd6 13. Nxd6 Bg4 14. Qg5 Qxg5 15. Bxg5 {Black has no compensation for
the pawn. Actually-an opening disaster.} f6 16. Rae1 Nd5 17. Bd2 Bc7 18. Bf5
Bh5 19. Nc4 Rab8 20. b3 Rfd8 21. Re4 Be8 {21...Bf7 was probably a bit more
stubborn, however black's position is lost anyway.} 22. Rfe1 Kf8 23. h4 ({
White could take another pawn, but there is no need to complicate the game and
give the opponent practical chances.} 23. Bxh7 g6 24. Bh6+ Kf7 25. Rg4 Ne7)
23... h5 24. g3 Rb5 25. a4 Rbb8 26. Bc1 {[%cal Gc1a3]} Nb4 27. Be3 {The threat
27.Bc5 is very unpleasant. Black is going to lose more material.} Rd5 28. Bxa7
Rbd8 (28... Rxf5 29. Bxb8 {[%csl Re8]}) 29. Be6 {Black's R is trapped in the
centre.The rest is going without comments.} Nxc2 30. Bxd5 cxd5 31. Bc5+ Kf7 32.
Re7+ Kg6 33. Rd1 Bb8 34. Re2 1-0

[Event "Corus-B"]
[Site "Wijk aan Zee"]
[Date "2002.01.25"]
[Round "9"]
[White "Skripchenko, Almira"]
[Black "Jonkman, Harmen"]
[Result "1/2-1/2"]
[WhiteElo "2498"]
[BlackElo "2498"]
[Annotator "Postny,E"]
[PlyCount "117"]
[EventDate "2002.01.15"]
[EventType "tourn"]
[EventRounds "11"]
[EventCountry "NED"]
[EventCategory "11"]
[SourceTitle "CBM 087"]
[Source "ChessBase"]
[SourceDate "2002.03.21"]
[SourceVersion "1"]
[SourceVersionDate "2002.03.21"]
[SourceQuality "1"]

1. e4 e5 2. Nf3 Nc6 3. d4 exd4 4. Nxd4 Qf6 5. Nxc6 Bc5 6. Qd2 bxc6 7. Bd3 Ne7
8. O-O d5 9. Qf4 {This move should not be the best way to fight for an opening
advantage.} (9. Nc3 Be6 10. Kh1 Bb4 11. a3 Bxc3 12. Qxc3 Qxc3 13. bxc3 O-O 14.
Rb1 dxe4 15. Bxe4 Bf5 16. Bxf5 Nxf5 17. Bf4 Nd6 $11 {1/2-1/2 Zvjaginsev,
V-Jonkman,H/Linares 2000/CBM 75 (38)}) 9... Qxf4 10. Bxf4 Bd6 $146 (10... dxe4
11. Bxe4 Bd6 12. Bxd6 (12. Be3 $142 f5 13. Bf3 Rb8 14. b3 c5 15. Re1 Kf7 16.
Na3 Be6 17. c4 a6 18. Rad1 f4 19. Bc1 Bf5 20. Bb2 Rhe8 21. Nb1 $16 {1-0 Dovzik,
J-Fang,J/Szeged 1998/CBM 67 ext (78)}) 12... cxd6 13. Re1 Be6 14. Nd2 Rb8 15.
b3 h6 16. Nf3 c5 {1/2-1/2 Timman,J-Spassky,B/Hoogeveen 1998/EXT 99 (16)}) 11.
Bxd6 cxd6 12. Nc3 Be6 13. f4 (13. exd5 Nxd5 14. Nxd5 Bxd5 15. Rfe1+ Kd7 $11)
13... dxe4 (13... d4 $6 14. Ne2 c5 15. f5 Bd7 16. c3 dxc3 17. Nxc3 $14) 14.
Nxe4 O-O-O 15. Ng5 h6 16. Nxe6 fxe6 17. Rae1 Kd7 {It can be concluded, that
white got nothing from the opening.} 18. Re4 d5 19. Re3 ({More consequent is} 
19. Ra4) 19... Rhf8 20. Rfe1 Rf6 21. f5 $5 Nxf5 22. Bxf5 (22. Rxe6 Rxe6 23.
Bxf5 Rde8 24. Rxe6 Rxe6 25. Kf2 Kd6 26. Bxe6 Kxe6 $11) 22... Rxf5 23. Rxe6 Rf7
24. Rg6 $1 {[%csl Gg6][%cal Ge1e6] Good place for the white R.} Rb8 25. b3 Rb5
$6 (25... Rbf8 $11) 26. Re5 (26. Rf1 $6 Re7 27. Rf8 Rc5 28. Ra8 Rxc2 29. Rxa7+
Ke8 30. Rxe7+ Kxe7 31. Rxg7+ Kf6 $15) 26... Ra5 27. a4 Rc5 28. c4 Kc7 29. h3 {
It's not so critical, but this move is a lost of "tempo".} (29. g4 {[%cal
Gg4g5]}) 29... a5 30. g4 Rd7 31. g5 Kb6 32. gxh6 gxh6 33. Rg8 {White should
hurry to give a check from behind, otherwise he can lose all his queenside
pawns.} d4 (33... dxc4 34. Rb8+ Kc7 35. Rxc5 Kxb8 36. bxc4 Kb7 37. Rxa5 Rd4 $11
) 34. Rb8+ Kc7 35. Rxc5 d3 $2 {Nice idea and the wrong move as well!} ({
Authomatic} 35... Kxb8 {was leading to a prosaic draw after} 36. Kf2 Rb7 37.
Rxc6 Rxb3 38. Rxh6 Rb4 $11) 36. Rf8 d2 37. Rf1 Re7 (37... d1=Q $142 38. Rxd1
Rxd1+ 39. Kg2 Kb6 40. Rh5 Rd3 41. c5+ Kb7 42. Rxh6 Rxb3 {with good drawing
chances.}) 38. Kf2 Rf7+ 39. Ke2 Rxf1 40. Kxd2 Rf3 41. Rxa5 $2 $11 {A big
mistake, which leads to immideate draw.White must keep the Pb3.} ({After} 41.
Kc2 $1 Rf2+ 42. Kc3 Rf3+ 43. Kb2 Kb6 44. Rh5 Rf6 45. c5+ {white has serious
winning chances.}) 41... Rxb3 42. Rh5 Kb6 43. Kc2 Ra3 44. Rxh6 Ka5 $1 45. h4 (
45. Rxc6 Rxh3 {the position is drawish, since the white K can not move forward.
}) 45... Rh3 46. c5 Kxa4 47. Kd2 Kb4 48. Rh5 Kc4 {White's extra pawn is
useless.The rest of the game may be called "stand by".} 49. Ke2 Kd4 50. Kf2 Ke4
51. Kg2 Rc3 52. Rg5 Kf4 53. Kf2 Rc2+ 54. Ke1 Rh2 55. Rh5 Ke3 {[%cal Gh2h1]} 56.
Kf1 Kf3 57. Kg1 Rg2+ 58. Kh1 Rc2 59. Rg5 1/2-1/2

[Event "UKR-ch 73rd"]
[Site "Kharkov"]
[Date "2004.08.24"]
[Round "1.1"]
[White "Kovchan, Alexander"]
[Black "Fedorchuk, Sergey A"]
[Result "0-1"]
[WhiteElo "2497"]
[BlackElo "2569"]
[Annotator "Postny,E"]
[PlyCount "116"]
[EventDate "2004.08.03"]
[EventType "k.o."]
[EventRounds "5"]
[EventCountry "UKR"]
[SourceTitle "CBM 103"]
[Source "ChessBase"]
[SourceDate "2004.11.11"]
[SourceVersion "1"]
[SourceVersionDate "2004.11.11"]
[SourceQuality "1"]

1. e4 e5 2. Nf3 Nc6 3. d4 exd4 4. Nxd4 Bc5 5. Nxc6 Qf6 6. Qd2 dxc6 7. Nc3 Bd4 {
This continuation became very topical recently.} 8. Nd1 {White's latest try to
fight for the advantage.} Be6 (8... Ne7 9. c3 Bb6 10. Bd3 {--> 1-0 Parligras,
M-Atalik,S/Athens 2003/CBM 97 (60)}) 9. Qg5 {White correctly offers the
exchange of queens. In the endgame it will be easier for him to take advantage
of his pawn majority on the kingside.} (9. c3 Bb6 10. Qc2 Qg6 11. Be3 Nf6 12.
f3 O-O 13. Bd3 Rfd8 $11 {1/2-1/2 Berthelot,Y-Dourerassou,J/Guingamp 2004/CBM
98 ext (25)}) 9... Qe7 $5 $146 (9... O-O-O 10. Qxf6 Nxf6 (10... gxf6 11. Ne3
Ne7 12. c3 Bc5 13. g3 f5 14. Bg2 fxe4 15. Bxe4 h5 16. O-O h4 $132 {1/2-1/2
Collas,D-Glavina Rossi,P/Pamplona 2001/EXT 2003 (46)}) 11. f3 Bb6 12. Bg5 h6
13. Bh4 Rhe8 14. Bd3 Ba5+ 15. Ke2 a6 16. Be1 Bxe1 17. Rxe1 b5 18. Ne3 $14 {
1-0 Nataf,I-Tseitlin,M/Kapuskasing 2004/CBM 101 ext (63)}) (9... Qg6 $1 {
--> 0-1 Nataf,I-Dorfman,J/Val d'Isere 2004/CBM 103 [Postny,E] (60)}) 10. c3 $6
({Much more consequent would have been} 10. Qxe7+ Nxe7 11. Be3 {hoping to take
advantage of the kingside pawn majority in the long run.}) 10... f6 $1 {
Black uses the opportunity to keep the queens on the board. White should be
very careful, because he is far behind in development.} 11. Qh5+ Bf7 12. Qg4 h5
13. Qxg7 $5 {White is going for the principled line.} ({Possible alternative
was} 13. Qf3 Bc5 14. Be3 {with approximate equality.}) 13... Qxe4+ 14. Be2 ({
Comes to consideration} 14. Ne3 Rh7 15. Qg3 Be5 16. Qh3) 14... Rh7 15. Qg3 Be5
16. f4 $6 {A tempting move, but seriously weakens white's position.} (16. Qh3 {
should have been prefered.}) 16... Bd6 17. Qe3 Qe7 $1 {Black wants to win a
tempo for the development.} 18. Qxe7+ Nxe7 $15 {Despite the exchange of queens,
white's position is quite suspicious, since black is better developed and
there are numerous weak fields in white's camp.} 19. Ne3 $2 {Wrong place for
the knight, where it obstructs the dark-squared bishop.} Rg7 (19... Bxf4 $6 20.
Ng4 $1 hxg4 21. Bxf4 {with good compensation for the pawn.}) 20. g3 ({After} 
20. O-O O-O-O {white can not finish the development of his queenside pieces.})
20... h4 21. c4 O-O-O (21... hxg3 $6 22. hxg3 Rxg3 23. Ng4 $44 f5 24. Nf6+ Kd8
(24... Kf8 $4 25. c5 $18 {[%csl Rd6][%cal Gf6d7]}) 25. Rh8+ Ng8 26. Kf2 Rg6 27.
Bh5 Rxf6 28. Bxf7 Rxf7 29. Rxg8+ Rf8 30. Rg7 $44) 22. Kf2 Bc5 23. g4 f5 $1 {
Fixing the Pf4 as a target.} 24. h3 Be6 25. g5 Ng6 {It's not a surprise, that
white is collapsing very quickly here. After all, most of white's pieces are
on their initial squares...} 26. Kf3 Rd4 27. Nc2 $6 ({More stubborn would have
been} 27. Ng2 Rxc4 $1 28. Bxc4 Bxc4 29. Rd1 Bd5+ 30. Rxd5 cxd5 31. Be3) {
[%tqu "En","Black's rook is under attack. What can black do?","","","e6c4","",
5]} 27... Bxc4 $1 28. Nxd4 (28. Bxc4 Rxc4 {is also hopeless for white.}) 28...
Bd5+ 29. Kf2 (29. Ke3 Bxh1 $19) 29... Bxd4+ 30. Be3 Bxe3+ 31. Kxe3 Re7+ 32. Kd2
Bxh1 33. Rxh1 Nxf4 {A total collapse...} 34. Bd1 Rg7 35. Bc2 Rxg5 36. Rf1 Rg2+
37. Kd1 Nd5 38. Bxf5+ Kd8 39. Re1 Rxb2 40. Kc1 Rxa2 41. Re4 Rf2 42. Be6 Nf4 {
It's very surprising that white continued to play here...} 43. Bg4 c5 44. Kb1
a5 45. Re5 b6 46. Rg5 Ke7 47. Rg7+ Kd6 48. Rd7+ Kc6 49. Rh7 c4 50. Rxh4 c3 51.
Bf5 b5 52. Bc2 b4 53. Rg4 Kb5 54. Rg8 a4 55. Rb8+ Kc4 56. Bxa4 Rb2+ 57. Ka1 b3
58. Bb5+ Kc5 0-1